000 00766nam a22002172 4500
001 0000012829
005 20151217155852.0
008 090322s xx 000 0 eng d
040 _aKABU
_cKABU
111 2 _aOnference on history and archaeology in Africa
_cUniversity of London :
_d1957, July 16th - 18th :
_n2nd.
_@0000169780
245 1 0 _aHistory and archaeology in Africa /
_cedited by D. H. Jones.
250 _a1st ed.
260 _aLondon :
_bU. O. London,
_c1959.
300 _a58 p.
650 0 _aHistory
_xResearch
_zAfrica.
_@0000169781
651 0 _aAfrica, Sub-Saharan
_xHistoriography.
_@0000169782
700 1 _aJones, D. H.
_@0000169783
852 1 _9p500 KES
908 _a090322
950 _@1
999 _c13521
_d13521